LEGAL ETHICS (Record no. 22499)

MARC details
000 -LEADER
fixed length control field 00355nam a22001337a 4500
003 - CONTROL NUMBER IDENTIFIER
control field SGT
020 ## - INTERNATIONAL STANDARD BOOK NUMBER
International Standard Book Number 9789382676010
082 ## - DEWEY DECIMAL CLASSIFICATION NUMBER
Classification number 340.112
Item number RAI
100 ## - MAIN ENTRY--PERSONAL NAME
Personal name RAI ,KAILASH
245 ## - TITLE STATEMENT
Title LEGAL ETHICS
Remainder of title ACCOUNTABILITY FOR LAWYERS AND BENCH BAR RELATIONS
260 ## - PUBLICATION, DISTRIBUTION, ETC. (IMPRINT)
Place of publication, distribution, etc ALLAHABAD
Name of publisher, distributor, etc CENTRAL LAW PUBLICATION
Year of Publication 2020
300 ## - PAGE DESCRIPTION
No. of Pages XXIV , 440
942 ## - ADDED ENTRY ELEMENTS (KOHA)
Source of classification or shelving scheme Dewey Decimal Classification
Koha item type Books
942 ## - ADDED ENTRY ELEMENTS (KOHA)
-- 73
Holdings
Withdrawn status Lost status Source of classification or shelving scheme Damaged status Not for loan Collection code Home library Current library Shelving location Date acquired Vendor Name Cost, normal purchase price SGTU Bill Number Full call number Accession No. (Barcode) Date last seen Bill Date Koha item type Total Checkouts Date last borrowed
    Dewey Decimal Classification   Not For Loan LAW SGT Science & Social Sciences Library SGT Science & Social Sciences Library Reference Book 07/03/2022 COMMERCIAL BOOK HOUSE 360.00 SGTU IN/2808 340.112 RAI FL2746 07/03/2022 18/02/2022 Books    
    Dewey Decimal Classification     LAW SGT Science & Social Sciences Library SGT Science & Social Sciences Library Text Book 07/03/2022 COMMERCIAL BOOK HOUSE 360.00 SGTU IN/2808 340.112 RAI FL2747 03/01/2026 18/02/2022 Books 19 18/12/2025
    Dewey Decimal Classification     LAW SGT Science & Social Sciences Library SGT Science & Social Sciences Library Text Book 07/03/2022 COMMERCIAL BOOK HOUSE 360.00 SGTU IN/2808 340.112 RAI FL2748 21/01/2026 18/02/2022 Books 16 14/11/2025
    Dewey Decimal Classification     LAW SGT Science & Social Sciences Library SGT Science & Social Sciences Library Text Book 07/03/2022 COMMERCIAL BOOK HOUSE 360.00 SGTU IN/2808 340.112 RAI FL2749 17/01/2025 18/02/2022 Books 19 13/01/2025
    Dewey Decimal Classification     LAW SGT Science & Social Sciences Library SGT Science & Social Sciences Library Text Book 07/03/2022 COMMERCIAL BOOK HOUSE 360.00 SGTU IN/2808 340.112 RAI FL2750 09/11/2024 18/02/2022 Books 23 02/08/2024